000 01366cam a22003254a 4500
001 1767
003 FISKH
005 20260119133157.0
008 040120s2004 nyua j b 001 0 eng
010 _a 2004001224
020 _a0516236148
020 _a9780516246628
040 _aDLC
_cDLC
_dDLC
_bENG
042 _apcc
050 0 0 _aQ163
_b.G295 2004
082 0 0 _a507/.8
_222
100 1 _aGarrett, Ginger,
_d1968-
245 1 0 _aScientists ask questions /
_cby Ginger Garrett.
260 _aNew York :
_bScholastic,
_c2004.
300 _a31 pages :
_bcolor illustrations ;
_c21 cm.
440 0 _aRookie read-about science
505 _aJ
520 _aFrom friendly dolphins to giant pandas, from icebergs and glaciers to energy from the sun, from magnets to solids, liquids, and gases, Rookie Read-About Science is a natural addition to the primary-grade classroom with books that cover every part of the science curricula. Includes: animals, nature, scientific principles, the environment, weather, and much more!
521 8 _a460
_bLexile
521 8 _aJ
_bRaz-Plus
650 0 _aScience
_xExperiments
_vJuvenile literature.
906 _a7
_bcbc
_corignew
_d1
_eecip
_f20
_gy-gencatlg
942 _2ddc
_cBK
_n0
999 _c1767
_d1767